<?xml version="1.0" encoding="UTF-8"?>
<record
    xmlns:xsi="http://www.w3.org/2001/XMLSchema-instance"
    xsi:schemaLocation="http://www.loc.gov/MARC21/slim http://www.loc.gov/standards/marcxml/schema/MARC21slim.xsd"
    xmlns="http://www.loc.gov/MARC21/slim">

  <leader>00782nam a22002657u 4500</leader>
  <controlfield tag="001">pwiiw3318</controlfield>
  <controlfield tag="003">OSt</controlfield>
  <controlfield tag="005">20260516120107.0</controlfield>
  <controlfield tag="008">011216t2001    au ||||| |||| 00| ||eng d</controlfield>
  <datafield tag="040" ind1=" " ind2=" ">
    <subfield code="c">OSt</subfield>
  </datafield>
  <datafield tag="041" ind1=" " ind2=" ">
    <subfield code="a">eng</subfield>
  </datafield>
  <datafield tag="100" ind1="1" ind2=" ">
    <subfield code="a">Mustafa, Isa</subfield>
  </datafield>
  <datafield tag="245" ind1="1" ind2="0">
    <subfield code="a">Prospects for Economic Development in Kosova and Regional Context</subfield>
  </datafield>
  <datafield tag="260" ind1=" " ind2=" ">
    <subfield code="a">Wien :</subfield>
    <subfield code="b">Wiener Institut f&#xFC;r Internationale Wirtschaftsvergleiche (wiiw),</subfield>
    <subfield code="c">2001.</subfield>
  </datafield>
  <datafield tag="490" ind1="1" ind2=" ">
    <subfield code="a">wiiw Balkan Observatory Working Papers</subfield>
    <subfield code="v">13</subfield>
  </datafield>
  <datafield tag="520" ind1=" " ind2=" ">
    <subfield code="a"></subfield>
  </datafield>
  <datafield tag="651" ind1=" " ind2=" ">
    <subfield code="a">Kosovo</subfield>
  </datafield>
  <datafield tag="700" ind1="1" ind2=" ">
    <subfield code="a">Havolli, Ymer</subfield>
  </datafield>
  <datafield tag="700" ind1="1" ind2=" ">
    <subfield code="a">Mulaj, Isa</subfield>
  </datafield>
  <datafield tag="700" ind1="1" ind2=" ">
    <subfield code="a">Mustafa, Muhamet</subfield>
  </datafield>
  <datafield tag="700" ind1="1" ind2=" ">
    <subfield code="a">Sadiku, Muhamet</subfield>
  </datafield>
  <datafield tag="830" ind1=" " ind2="0">
    <subfield code="v">13</subfield>
    <subfield code="w">WIIW0000140</subfield>
    <subfield code="t">wiiw Balkan Observatory Working Papers</subfield>
  </datafield>
  <datafield tag="856" ind1="4" ind2="0">
    <subfield code="u">https://wiiw.ac.at/p-3318.html</subfield>
  </datafield>
  <datafield tag="942" ind1=" " ind2=" ">
    <subfield code="c">P</subfield>
    <subfield code="2">z</subfield>
  </datafield>
  <datafield tag="999" ind1=" " ind2=" ">
    <subfield code="c">8760</subfield>
    <subfield code="d">8760</subfield>
  </datafield>
  <datafield tag="952" ind1=" " ind2=" ">
    <subfield code="0">0</subfield>
    <subfield code="1">0</subfield>
    <subfield code="4">0</subfield>
    <subfield code="7">0</subfield>
    <subfield code="a">BIB</subfield>
    <subfield code="b">BIB</subfield>
    <subfield code="c">1</subfield>
    <subfield code="d">2001-12-16</subfield>
    <subfield code="i">pwiiw3318</subfield>
    <subfield code="l">0</subfield>
    <subfield code="o">13</subfield>
    <subfield code="p">1000010003318</subfield>
    <subfield code="r">2001-12-16 00:00:00</subfield>
    <subfield code="w">2019-02-05</subfield>
    <subfield code="y">P</subfield>
  </datafield>
</record>
